• 首页
  • 本馆介绍
  • 公告通知
  • 最新文献
  • 馆藏检索
  • 电子资源
  • 读者导购
  • 参考咨询
  • 我的图书馆
  • 登录
  • 详细信息显示
  • 放入我的书架
  • 预约/预借图书
  • 作者相关作品
  • 分类相关作品
  • 丛书相关作品
  • 出版社相关作品

书目信息

  • 表格格式
  • 工作单格式
  • 卡片格式
题名:
晶体生长的物理基础
    
 
作者: 闵乃本 著
分册:  
出版信息: 上海   上海科学技术出版社  1982
页数: 485页
开本: 21cm
丛书名:
单 册:
中图分类: O781
科图分类:
主题词: 晶体生长
电子资源:
ISBN:
000 00599nam0 2200229 45
001 0182005658
005 20070721153512.73
010    @dCNY1.95
091    @aCN@b13119.989
100    @a19950623d1982 emky0chiy0121 ea
101 0  @achi
102    @aCN@b310000
105    @ay z 000yy
200 10 @a晶体生长的物理基础@Ajing ti sheng zhang de wu li ji chu@f闵乃本著
210    @a上海@c上海科学技术出版社@d1982
215    @a485页@d21cm
606    @a晶体生长
690    @aO781@v3
701  0 @a闵乃本@Amin nai ben@4著
801  2 @aCN@bNLC@c20070721
801  0 @aCN@bTSSF
905    @a10447@dO781@e6
    
    晶体生长的物理基础/闵乃本著.-上海:上海科学技术出版社,1982
    485页;21cm
    
    
    ISBN :CNY1.95
    
●
相关链接 在E读中查询图书 在五车中查询图书 在当当中查询图书 在豆瓣中查询图书


正题名:晶体生长的物理基础     索取号:O781/6         预约/预借

序号 登录号 条形码 馆藏地/架位号 状态 备注
1 0767450   207674505   第二样本阅览室/ [索取号:O781/6] 在馆    
唐山师范学院图书馆 欢迎您!
大连网信软件有限公司© 版权所有